000 00292nam a22001097a 4500
008 230704b xxu||||| |||| 00| 0 eng d
082 _a362.5
_bGOK 2000
245 _aInterim Poverty Reduction Strategy Paper for the Period 2000-2003
260 _bGOK
_c2000
300 _aV,92p
942 _2ddc
_cBK
999 _c3856
_d3856